| 000 | 00551nam a2200181 a 4500 | ||
|---|---|---|---|
| 001 | 000042490 | ||
| 005 | 20201002040203.0 | ||
| 008 | 131204s2002 sp 000 0 spa d | ||
| 020 | _a8403093268 | ||
| 040 |
_aDO-SdBNP _bspa _cBNPHU |
||
| 082 |
_axxx _bxxx |
||
| 100 | 1 |
_aSotillos, Eduardo _d1940- _969684 |
|
| 245 | 1 | 0 |
_a1982 El año clave / _cEduardo Sotillos. |
| 260 |
_aMadrid : _bAguilar, _c2002. |
||
| 300 |
_a279 p. ; _c24 cm. |
||
| 500 | _aIncluye datos biográficos del autor en la solapa de la cubierta | ||
| 504 | _aBibliografía : p. 277-279 | ||
| 999 |
_c41979 _d41979 |
||